000 00765nas a2200253 4500
001 BR2015006632
003 BR-BrBNA
005 20231205125926.0
007 ta
008 230509b bl.|||p| |||| 00| 00por d
040 _aBR-BrBNA
_bpor
_cBiblioteca Nacional de Agricultura
041 _a(Pt)
072 _aE14
100 1 _aShikida, P.F.A.
245 1 _aEvolução e fases da agoindústria canavieira no Brasil
650 _aCANA DE AÇÚCAR
650 _aETANOL
650 _aINDÚSTRIA AGRÍCOLA
650 _aCRESCIMENTO
650 _aPOLÍTICAS PÚBLICAS
773 0 _tRevista de Política Agrícola (Brazil)
_xISSN 1413-4969
_g(Oct-Dec 2014), v. 23(4) p. 43-57
_wBR2015006632
909 _a202311
_bLúcia
_c55
_dLúcia Elande
942 _2AGRIS
_n0
_cANA
999 _c246926
_d246926